000 00847nam a2200229Ia 4500
003 Ost
005 20260507075645.0
008 260507s9999||||xx |||||||||||||| ||und||
020 _a7187252977
040 _cfsecg
041 _aara
082 _a658.57
100 _aبرونسون، ريتشارد
_eمؤلف
245 0 _aبحوث العمليات /
_c ريتشارد برونسون
260 _aالقاهرة:
_bالدار الدولية للإستثمارات,
_c2004
300 _a408 صفحة؛
_bإيضاحات ؛
_c24 سم
520 _aالبرمجة الرياضية، الطرق الإحتمالية، البرمجة الخطية، البرمجة الدينامكية
653 _aالبرمجيات
653 _aالمعلومات
700 _aالعباري،حسن حسني
_eمؤلف ثانوي
942 _cكتاب
999 _c45469
_d45469